Japan : the Land of the Rising Sun /

Hlavní autor: Illík, Drahomír
Další autoři: Zukal, Evžen, Fojtík, Miroslav, Jappel, Arnošt
Jazyk: Angličtina
Vydáno: Praha : Artia, 1965
Fyzický popis: 6 s., obr. příl. : il. ; 4°
Knihy
Uloženo v:
LEADER 00970nam a22002772a 4500
001 000343693
003 CZ BrMZK
005 20210324133733.0
007 ta
008 010907s1965 xr afo f eng d
015 |a cnb000484592 
035 |a (OCoLC)42089761 
040 |a ABA001  |b cze  |c CBA001  |d ABA001  |d BOA001 
041 1 |a eng  |h cze 
080 |a 908.52(084.12)=20 
100 1 |a Illík, Drahomír  |7 jk01050521  |4 wfw  |4 pht 
245 1 0 |a Japan :  |b the Land of the Rising Sun /  |c the photographs Drahomír Illík, Evžen Zukal, M. Fojtík ; the text D. Illík ; translation [z češ. do angl.] by A. Jappel 
260 |a Praha :  |b Artia,  |c 1965 
300 |a 6 s., obr. příl. :  |b il. ;  |c 4° 
700 1 |a Zukal, Evžen  |4 pht 
700 1 |a Fojtík, Miroslav  |7 xx0143408  |4 pht 
700 1 |a Jappel, Arnošt  |4 trl 
910 |a BOA001  |b 3-0537.595 
990 |a BK 
991 |b 202008 
996 6 |b 2619809828  |c 3-0537.595  |l MZK  |r Sklad / do 1 hodiny  |n 1  |w 000343693  |u 000010  |a 1  |e BOA001  |j MZK50  |s P